000 00507nam a2200205Ia 4500
003 OSt
005 20220926040342.0
006 a|||||r|||| 00| 0
007 ta
008 220923b |||||||| |||| 00| 0 eng d
037 _cGeneral Book
040 _aRTL
_cRTL
_beng
041 _2eng
_aeng
082 _aXn42,N6, K4
245 0 _aJapan economic yearbook, Oriental Economist
260 _c1964
300 _a308p.
_ccm.
942 _hXn42,N6, K4
_cGB
_2CC
999 _c664554
_d664554